Az agresszió

Elmentve itt :
Bibliográfiai részletek
Szerző: Lorenz, Konrad
Adatforrás:Philobibl
Dokumentumtípus: Könyv
Nyelv:magyar
Kulcsszavak:viselkedés
Megjelent: Bp. Katalizátor Iroda 1995
LEADER 00387nam a2200145 c 4500
001 bibDOK00005019
005 20200924120109.5
008 060518s1995 hu hun
100 1 |a Lorenz, Konrad 
245 1 3 |a Az agresszió  |c Lorenz, Konrad 
260 |a Bp.  |b Katalizátor Iroda  |c 1995 
300 |a 221 p. 
500 |a Tandori Dezső (ford.) 
500 |a Zoltai Ildikó (ford.) 
695 |a viselkedés